| 000 | 00401nam a22001577a 4500 | ||
|---|---|---|---|
| 003 | OSt | ||
| 005 | 20250123150731.0 | ||
| 008 | 250123b |||||||| |||| 00| 0 eng d | ||
| 020 | _a978-81-224-7214-1 | ||
| 040 | _cIIMT UNIVERSITY | ||
| 100 | _aMAMATHA. A.S | ||
| 245 | _aENGINEERING STATISTICS AND LINEAR ALGEBRA | ||
| 260 |
_aNEW DELHI _bNEW AGE INT. PUB. _c2022 |
||
| 300 | _a686 | ||
| 942 |
_2ddc _c09 |
||
| 999 |
_c65096 _d65096 |
||